书目信息 |
| 题名: |
诸子寓言
|
|
| 作者: | 许进 , 陈宇峰 主编 | |
| 分册: | ||
| 出版信息: | 北京 中国纺织出版社 2006.01 |
|
| 页数: | 375页 | |
| 开本: | 21cm | |
| 丛书名: | ||
| 单 册: | ||
| 中图分类: | F715-49 | |
| 科图分类: | ||
| 主题词: | 商业经营--shang ye jing ying--通俗读物 | |
| 电子资源: | ||
| ISBN: | 7-5064-3533-0 | |
| 000 | 00845nam0 2200241 450 | |
| 001 | 012007178062 | |
| 005 | 20071008151051.23 | |
| 010 | @a7-5064-3533-0@dCNY23.80 | |
| 100 | @a20070726d2006 km y0chiy0120 ea | |
| 101 | 0 | @achi |
| 102 | @aCN@b110000 | |
| 105 | @ay z 000yy | |
| 200 | 1 | @a诸子寓言@Azhu zi yu yan@e经营智慧@f许进, 陈宇峰主编@Fxu jin,chen yu feng zhu bian |
| 210 | @a北京@c中国纺织出版社@d2006.01 | |
| 215 | @a375页@d21cm | |
| 330 | @a本书从先秦诸子的文章中摘出58个寓言故事,译成简洁通俗的现代散文,从经商的角度加以阐述。书中所举的事例与寓言的主题相符,避免将古代智慧断章取义。 | |
| 517 | 1 | @a经营智慧@Ajing ying zhi hui |
| 606 | 0 | @a商业经营@Ashang ye jing ying@j通俗读物 |
| 690 | @aF715-49@v4 | |
| 701 | 0 | @a许进@Axu jin@4主编 |
| 701 | 0 | @a陈宇峰@Achen yu feng@4主编 |
| 801 | 0 | @aCN@c20071008 |
| 905 | @dF715-49@eX875 | |
| 诸子寓言:经营智慧/许进, 陈宇峰主编.-北京:中国纺织出版社,2006.01 |
| 375页;21cm |
| ISBN 7-5064-3533-0:CNY23.80 |
| 本书从先秦诸子的文章中摘出58个寓言故事,译成简洁通俗的现代散文,从经商的角度加以阐述。书中所举的事例与寓言的主题相符,避免将古代智慧断章取义。 |
| ● |
| 相关链接 |
|
|
|
正题名:诸子寓言
索取号:F715-49/X875
 
预约/预借
| 序号 | 登录号 | 条形码 | 馆藏地/架位号 | 状态 | 备注 |
| 1 | 250913 | 202509133 | 社科库409/422社科库 36排4列4层/ [索取号:F715-49/X875] | 在馆 | |
| 2 | 250914 | 202509142 | 社科库409/409社科库 45排5列2层/ [索取号:F715-49/X875] | 在馆 |